Tantalus vagy az ember jövője

Elmentve itt :
Bibliográfiai részletek
Szerző: Schiller, Ferdinand Canning Scott
Adatforrás:Philobibl
Dokumentumtípus: Könyv
Nyelv:magyar
Megjelent: Pécs Danubia 1928
Sorozat:Ma és holnap 4.
LEADER 00431nam a2200145 c 4500
001 bibDOK00006801
005 20200924120251.4
008 060518s1928 hu hun
100 1 |a Schiller, Ferdinand Canning Scott 
245 1 0 |a Tantalus vagy az ember jövője  |c Schiller, Ferdinand Canning Scott 
260 |a Pécs  |b Danubia  |c 1928 
300 |a 55 p. 
490 1 |a Ma és holnap 4. 
500 |a Incze György (ford.) 
830 0 |a Ma és holnap 4.